Southville International School and Colleges
Your cart is empty.
  • Cart
  • Lists
    Public lists Eva Luna New books Lux_list list_1
    Your lists Log in to create your own lists
  • Log in to your account
  • Your cookies
  • Search history
Southville International School and Colleges
  • Advanced search
  • Recent comments
  • Most popular
  • Libraries

Log in to your account

Log in with GOOGLE


If you do not have an external account, but do have a local account, you can still log in:

  1. Home
  2. MARC view: Metro Manila street map :
Normal view MARC view ISBD view

Metro Manila street map : (Record no. 24330)

[ view plain ]
MARC details
000 -LEADER
fixed length control field 00457nam a2200169 a 4500
005 - DATE AND TIME OF LATEST TRANSACTION
control field 20140310183517.0
008 - FIXED-LENGTH DATA ELEMENTS--GENERAL INFORMATION
fixed length control field 110201s19uu xx 00 eng d
020 ## - INTERNATIONAL STANDARD BOOK NUMBER
International Standard Book Number 9710870874
050 ## - LIBRARY OF CONGRESS CALL NUMBER
Classification number G 2394.M5
Item number .M485 2010
100 ## - MAIN ENTRY--PERSONAL NAME
Personal name NAMRIA
245 ## - TITLE STATEMENT
Title Metro Manila street map :
Remainder of title updated, comprehensive /
260 ## - PUBLICATION, DISTRIBUTION, ETC. (IMPRINT)
Place of publication, distribution, etc Mandaluyong City :
Name of publisher, distributor, etc NBS,
Date of publication, distribution, etc 2010.
300 ## - PHYSICAL DESCRIPTION
Extent 374 p. :
Dimensions 31 cm.
650 ## - SUBJECT ADDED ENTRY--TOPICAL TERM
Topical term or geographic name as entry element Maps-Metro Manila.
942 ## - ADDED ENTRY ELEMENTS (KOHA)
Koha item type Books
Source of classification or shelving scheme Library of Congress Classification
Holdings
Withdrawn status Lost status Source of classification or shelving scheme Damaged status Home library Current library Shelving location Date acquired Source of acquisition Cost, normal purchase price Total Checkouts Full call number Barcode Date last seen Copy number Price effective from Koha item type
    Library of Congress Classification   College Library College Library Reference Section 02/01/2011   1295.00   G 2394.M5 .M485 2010 C11957 05/15/2018 1 10/18/2013 Books

Metro Manila street map :

APA

NAMRIA, . (2010). Metro Manila street map. Mandaluyong City: NBS.

Chicago

NAMRIA, . 2010. Metro Manila street map. Mandaluyong City: NBS.

Harvard

NAMRIA, . (2010). Metro Manila street map. Mandaluyong City: NBS.

MLA

NAMRIA, . Metro Manila street map. Mandaluyong City: NBS. 2010.

  • Place hold
  • Print
  • Cite
  • Add to your cart (remove)
  • Save record
    BIBTEX Dublin Core MARCXML MARC (non-Unicode/MARC-8) MARC (Unicode/UTF-8) MARC (Unicode/UTF-8, Standard) MODS (XML) RIS
  • More searches
    Search for this title in:
    Other Libraries (WorldCat) Other Databases (Google Scholar) Online Stores (Bookfinder.com) Open Library (openlibrary.org)

Exporting to Dublin Core...

SOUTHVILLE LIBRARY

Southville International School and Colleges Library

1281 Tropical Ave. Cor. Luxembourg St., BF Homes International, Las Pinas City

Tel. No. 8256374 / 252358 Loc. 117/146

Powered by Koha